Producto o praxis del curriculum (Registro nro. 4740)

Detalles MARC
000 -LEADER
fixed length control field 01075 a2200217 4500
001 - CONTROL NUMBER
control field 48818
005 - DATE AND TIME OF LATEST TRANSACTION
control field 20260407155754.0
008 - FIXED-LENGTH DATA ELEMENTS--GENERAL INFORMATION
fixed length control field 260407a1994 arg spa d
003 - CONTROL NUMBER IDENTIFIER
control field AR-UNSa-BCEJYS
040 ## - CATALOGING SOURCE
Original cataloging agency AR-UNSa-BCEJYS
Language of cataloging spa
Transcribing agency AR-UNSa-BCEJYS
080 ## - UNIVERSAL DECIMAL CLASSIFICATION NUMBER
Universal Decimal Classification number 37.013
Common auxiliary subdivision Teoría general de la educación. Principios de la actividad pedagógica. Pedagogía práctica
020 ## - INTERNATIONAL STANDARD BOOK NUMBER
International Standard Book Number 84-7112-358-4
100 1# - MAIN ENTRY--PERSONAL NAME
Personal name Grundy, Shirley
245 10 - TITLE STATEMENT
Title Producto o praxis del curriculum
250 ## - EDITION STATEMENT
Edition statement 2a.ed.
264 #1 - PRODUCTION, PUBLICATION, DISTRIBUTION, MANUFACTURE, AND COPYRIGHT NOTICE
Place of production, publication, distribution, manufacture Madrid :
Name of producer, publisher, distributor, manufacturer Ediciones Morata
Date of production, publication, distribution, manufacture, or copyright notice 1994
300 ## - PHYSICAL DESCRIPTION
Extent 278 p.
Dimensions 21 cm.
505 ## - FORMATTED CONTENTS NOTE
Formatted contents note 1. Tres intereses humanos fundamentales - 2. El curriculum como producto - 3. Los profesores como creadores del curriculum - 4. El curriculum como práctica - 5. El desarrollo del curriculum práctico - 6. El curriculum como praxis - 7. La práctica del curriculum crítico - 8. El desarrollo de la praxis curricular - 9. Convertirse en crítico: una historia personal - 10. La praxis curricular y el trabajo del profesor -
590 ## - LOCAL NOTE (RLIN)
Local note niveau_biblio:m niveau_hierar:0
942 ## - ADDED ENTRY ELEMENTS (KOHA)
Koha item type
Existencias
Withdrawn status Lost status Damaged status Not for loan Home library Current library Shelving location Date acquired Total checkouts Full call number Barcode Date last seen Price effective from Koha item type
        Biblioteca Prof. Eusebio Cleto del Rey Biblioteca Prof. Eusebio Cleto del Rey   07/04/2026   37.013 G889 2ed. L69935 07/04/2026 07/04/2026 Libro